Countries and Territories of the Lesser Antilles - Statistics

General Stats
  • This quiz has been taken 45 times
  • The average score is 18 of 20
Answers on the Map
Answers color-coded by a green-red scale on the quiz's map according to % correct below.
 
Answer Stats
Answer % Correct
Barbados
100%
Grenada
100%
Trinidad and Tobago
100%
Saint Kitts and Nevis
97%
Saint Lucia
97%
Saint Vincent and the Grenadines
97%
Curacao
94%
Sint Maarten
94%
Antigua and Barbuda
91%
Dominica
91%
Guadeloupe
91%
Saint Martin
91%
Aruba
88%
Anguilla
85%
British Virgin Islands
85%
Martinique
82%
Montserrat
82%
US Virgin Islands
82%
Bonaire
76%
Saint Barthelemy
70%
No matching quizzes found
Score Distribution
Percent of People with Each Score
Percentile by Number Answered
Your Score History
You have not taken this quiz